Scarlet and black = Le Rouge et le Noir

Сохранить в:
Библиографические подробности
Главный автор: Stendhal
Формат:
Язык:Undetermined
Опубликовано: New York Alfred A. Knopf 1991
Предметы:
Метки: Добавить метку
Нет меток, Требуется 1-ая метка записи!
Thư viện lưu trữ: Trung tâm Học liệu Trường Đại học Cần Thơ
LEADER 00510nam a2200181Ia 4500
001 CTU_32778
008 210402s9999 xx 000 0 und d
082 |a 843.7 
082 |b S825s 
100 |a Stendhal 
245 0 |a Scarlet and black 
245 0 |b = Le Rouge et le Noir 
245 0 |c Stendhal, C. K. Scott Moncrieff 
260 |a New York 
260 |b Alfred A. Knopf 
260 |c 1991 
650 |a french fiction - 19 th century ( english ) 
980 |a Trung tâm Học liệu Trường Đại học Cần Thơ